| 000 | 00997cam a2200265 a 4500 | ||
|---|---|---|---|
| 020 | _a2100483900 (pbk.) | ||
| 040 | _cDLC | ||
| 041 | 1 | _hfre | |
| 082 | 0 | 0 | _a519 DEN 2001 C283 Or. |
| 100 | 1 | _aBosq, Denis, | |
| 245 | 1 | 0 |
_a Introduction à la science du sol : _b sol, végétation, environnement/ |
| 260 |
_aChichester, England ; _aHoboken, NJ : _bJohn Wiley/Dunod, _cc2001. |
||
| 300 |
_ax, 316 p. : _bill. ; _c24 cm. |
||
| 500 | _a"This work is in the Wiley-Dunod Series co-published between Dunod and John Wiley & Sons, Ltd." | ||
| 650 | 0 | _aEstimation theory. | |
| 650 | 0 | _aNonparametric statistics. | |
| 650 | 0 | _aStochastic processes. | |
| 650 | 0 | _aPrediction theory. | |
| 700 | 1 | _aBlanke, Delphine. | |
| 710 | 2 | _aDunod (Firm) | |
| 856 | 4 | 2 | _uhttp://www.loc.gov/catdir/enhancements/fy0743/2007037321-d.html |
| 856 | 4 | 2 | _uhttp://www.loc.gov/catdir/enhancements/fy0804/2007037321-b.html |
| 856 | 4 | 1 | _uhttp://www.loc.gov/catdir/enhancements/fy0806/2007037321-t.html |
| 942 | _cAEDBB | ||
| 999 |
_c22435 _d22435 |
||